<?xml version="1.0" encoding="UTF-8"?>
<collection xmlns:xsi="http://www.w3.org/2001/XMLSchema-instance" xsi:schemaLocation="http://www.loc.gov/MARC21/slim http://www.loc.gov/standards/marcxml/schema/MARC21slim.xsd" xmlns="http://www.loc.gov/MARC21/slim">
 <record>
  <leader>00000cab a22000004cb4500</leader>
  <controlfield tag="001">IPN-00000968206</controlfield>
  <controlfield tag="003">IPN</controlfield>
  <controlfield tag="005">20260413143520.0</controlfield>
  <controlfield tag="008">260413s1992    xx     d | ||r |||||   ||</controlfield>
  <datafield tag="100" ind1="1" ind2="#">
   <subfield code="a">Falguera, Ma. Christine</subfield>
  </datafield>
  <datafield tag="245" ind1="1" ind2="0">
   <subfield code="a">Prof. Julita I. Yabes. IN Faculty Profile [column]</subfield>
   <subfield code="b">Nurturing Health Education</subfield>
  </datafield>
  <datafield tag="264" ind1="#" ind2="1">
   <subfield code="c">1992</subfield>
  </datafield>
  <datafield tag="650" ind1="1" ind2="0">
   <subfield code="a">Yabes, Julita I.</subfield>
  </datafield>
  <datafield tag="773" ind1="0" ind2="#">
   <subfield code="t">U.P. Newsletter</subfield>
   <subfield code="g">Vol. 16, no. 4 (Apr. 01, 1992), 6</subfield>
  </datafield>
  <datafield tag="852" ind1="#" ind2="#">
   <subfield code="a">UPD</subfield>
   <subfield code="b">DARCHIVES</subfield>
  </datafield>
  <datafield tag="942" ind1="#" ind2="#">
   <subfield code="a">Article</subfield>
  </datafield>
  <datafield tag="950" ind1="#" ind2="#">
   <subfield code="a">FI</subfield>
  </datafield>
 </record>
</collection>
